<?xml version="1.0" encoding="UTF-8"?>
<record
    xmlns:xsi="http://www.w3.org/2001/XMLSchema-instance"
    xsi:schemaLocation="http://www.loc.gov/MARC21/slim http://www.loc.gov/standards/marcxml/schema/MARC21slim.xsd"
    xmlns="http://www.loc.gov/MARC21/slim">

  <leader>01449nam a22003497i 4500</leader>
  <datafield tag="999" ind1=" " ind2=" ">
    <subfield code="c">171594</subfield>
    <subfield code="d">171594</subfield>
  </datafield>
  <controlfield tag="005">20190321101109.0</controlfield>
  <controlfield tag="008">190311s2017    cc a   c      000 fdchi d</controlfield>
  <datafield tag="020" ind1=" " ind2=" ">
    <subfield code="a">9787564538170</subfield>
    <subfield code="q">paperback</subfield>
    <subfield code="c">RM38.50</subfield>
  </datafield>
  <datafield tag="040" ind1=" " ind2=" ">
    <subfield code="a">PPAK</subfield>
    <subfield code="b">eng</subfield>
    <subfield code="c">PPAK</subfield>
    <subfield code="e">rda</subfield>
  </datafield>
  <datafield tag="041" ind1="1" ind2=" ">
    <subfield code="a">chi</subfield>
    <subfield code="h">eng</subfield>
  </datafield>
  <datafield tag="082" ind1="0" ind2="4">
    <subfield code="a">813.52</subfield>
    <subfield code="2">23</subfield>
  </datafield>
  <datafield tag="090" ind1="0" ind2="0">
    <subfield code="a">813.52</subfield>
    <subfield code="b">WIL</subfield>
    <subfield code="d">K</subfield>
  </datafield>
  <datafield tag="100" ind1="1" ind2=" ">
    <subfield code="6">880-01</subfield>
    <subfield code="a">Wilder, Laura Ingalls, </subfield>
    <subfield code="d">1867-1957</subfield>
    <subfield code="e">author.</subfield>
  </datafield>
  <datafield tag="240" ind1="1" ind2="0">
    <subfield code="a">By the shores of Silver Lake.</subfield>
    <subfield code="l">Chinese</subfield>
  </datafield>
  <datafield tag="245" ind1="1" ind2="0">
    <subfield code="6">880-02</subfield>
    <subfield code="a">Yin hu an bian =</subfield>
    <subfield code="b">BY THE SHORES OF SILVER LAKE /</subfield>
    <subfield code="c">(mei) Luola. Ying ge si. Huai dezhe ; Jing Fang Xu yizhu</subfield>
  </datafield>
  <datafield tag="264" ind1=" " ind2="1">
    <subfield code="6">880-03</subfield>
    <subfield code="a">Zhengzhou :</subfield>
    <subfield code="b">Zhengzhou daxue chuban she,</subfield>
    <subfield code="c">2017</subfield>
  </datafield>
  <datafield tag="300" ind1=" " ind2=" ">
    <subfield code="a">234 pages :</subfield>
    <subfield code="b">illustrations ;</subfield>
    <subfield code="c">22 cm</subfield>
  </datafield>
  <datafield tag="336" ind1=" " ind2=" ">
    <subfield code="2">rdacontent</subfield>
    <subfield code="a">text</subfield>
  </datafield>
  <datafield tag="337" ind1=" " ind2=" ">
    <subfield code="2">rdamedia</subfield>
    <subfield code="a">unmediated</subfield>
  </datafield>
  <datafield tag="338" ind1=" " ind2=" ">
    <subfield code="2">rdacarrier</subfield>
    <subfield code="a">volume</subfield>
  </datafield>
  <datafield tag="490" ind1="1" ind2=" ">
    <subfield code="6">880-04 </subfield>
    <subfield code="a">Xiao muwu de gushi congshu</subfield>
  </datafield>
  <datafield tag="650" ind1="1" ind2="0">
    <subfield code="a">American fiction</subfield>
    <subfield code="x">Translations into Chinese</subfield>
  </datafield>
  <datafield tag="700" ind1="1" ind2=" ">
    <subfield code="6">880-05</subfield>
    <subfield code="a">Jing, Fang Xu,</subfield>
    <subfield code="e">translator.</subfield>
  </datafield>
  <datafield tag="830" ind1=" " ind2="0">
    <subfield code="6">880-06</subfield>
    <subfield code="a">Xiao muwu de gushi congshu</subfield>
  </datafield>
  <datafield tag="880" ind1="1" ind2=" ">
    <subfield code="6">100-01/$1</subfield>
    <subfield code="a">&#x6000;&#x5FB7;, &#x7F57;&#x62C9; .&#x82F1;&#x683C;&#x65AF;,</subfield>
    <subfield code="b">1867-1957</subfield>
    <subfield code="e">author.</subfield>
  </datafield>
  <datafield tag="880" ind1="1" ind2="0">
    <subfield code="6">245-02/$1</subfield>
    <subfield code="a">&#x94F6;&#x6E56;&#x5CB8;&#x8FB9; =</subfield>
    <subfield code="b">BY THE SHORES OF SILVER LAKE /</subfield>
    <subfield code="c">(&#x7F8E;)&#x7F57;&#x62C9;.&#x82F1;&#x683C;&#x65AF;.&#x6000;&#x5FB7;&#x8457;&#xFF1B;&#x9756;&#x82B3;&#x65ED;&#x8BD1;&#x8457;</subfield>
  </datafield>
  <datafield tag="880" ind1=" " ind2="1">
    <subfield code="6">264-03/$1</subfield>
    <subfield code="a">&#x90D1;&#x5DDE; :</subfield>
    <subfield code="b">&#x90D1;&#x5DDE;&#x5927;&#x5B66;&#x51FA;&#x7248;&#x793E;,</subfield>
    <subfield code="c">2017</subfield>
  </datafield>
  <datafield tag="880" ind1="1" ind2=" ">
    <subfield code="6">490-04/$1</subfield>
    <subfield code="a">&#x5C0F;&#x6728;&#x5C4B;&#x7684;&#x6545;&#x4E8B;&#x4E1B;&#x4E66;</subfield>
  </datafield>
  <datafield tag="880" ind1="1" ind2=" ">
    <subfield code="6">700-05/$1</subfield>
    <subfield code="a">&#x9756;&#x82B3;&#x65ED;,</subfield>
    <subfield code="e">translator.</subfield>
  </datafield>
  <datafield tag="880" ind1=" " ind2="0">
    <subfield code="6">830-06/$1</subfield>
    <subfield code="a">&#x5C0F;&#x6728;&#x5C4B;&#x7684;&#x6545;&#x4E8B;&#x4E1B;&#x4E66;</subfield>
  </datafield>
  <datafield tag="942" ind1=" " ind2=" ">
    <subfield code="2">ddc</subfield>
    <subfield code="c">B</subfield>
  </datafield>
  <datafield tag="952" ind1=" " ind2=" ">
    <subfield code="0">0</subfield>
    <subfield code="7">0</subfield>
    <subfield code="b">PPAK</subfield>
    <subfield code="c">K</subfield>
    <subfield code="d">2019-03-28</subfield>
    <subfield code="o">K 813.52 WIL</subfield>
    <subfield code="p">A01596133</subfield>
    <subfield code="r">2019-03-28 00:00:00</subfield>
    <subfield code="y">B</subfield>
  </datafield>
  <datafield tag="952" ind1=" " ind2=" ">
    <subfield code="0">0</subfield>
    <subfield code="7">0</subfield>
    <subfield code="b">SP</subfield>
    <subfield code="c">K</subfield>
    <subfield code="d">2019-03-28</subfield>
    <subfield code="o">K 813.52 WIL</subfield>
    <subfield code="p">A01596134</subfield>
    <subfield code="r">2019-03-28 00:00:00</subfield>
    <subfield code="y">B</subfield>
  </datafield>
</record>
